Новое путешествие вокруг света в 1823-1826 гг.: пер. с нем.

Detalhes bibliográficos
Autor principal: Коцебу О. Е. Отто Евстафьевич
Idioma:russo
Publicado em: Москва, Наука, 1987
Edição:3-е изд.
Assuntos:
Formato: MixedMaterials Livro
KOHA link:https://koha.lib.tpu.ru/cgi-bin/koha/opac-detail.pl?biblionumber=266742

MARC

LEADER 00000nam0a2200000 4500
001 266742
005 20231101234028.0
035 |a (RuTPU)RU\TPU\book\289762 
090 |a 266742 
100 |a 20140715d1987 k y0rusy50 ca 
101 1 |a rus  |c ger 
102 |a RU 
105 |a a z 000zy 
200 1 |a Новое путешествие вокруг света в 1823-1826 гг.  |e пер. с нем.  |f О. Е. Коцебу 
205 |a 3-е изд. 
210 |a Москва  |c Наука  |d 1987 
215 |a 384 с.  |c ил. 
606 1 |a Путешествия  |2 stltpush  |3 (RuTPU)RU\TPU\subj\53234  |9 71554 
610 1 |a мореплаватели 
610 1 |a 19 век 
610 1 |a природные условия 
610 1 |a этнографические источники 
610 1 |a зарисовки 
675 |a 910.4  |v 3 
700 1 |a Коцебу  |b О. Е.  |c российский мореплаватель, капитан 1-го ранга  |f 1788-1846  |g Отто Евстафьевич  |2 stltpush  |3 (RuTPU)RU\TPU\pers\36866  |4 070  |9 19895 
801 1 |a RU  |b 63413507  |c 20140715 
801 2 |a RU  |b 63413507  |c 20160725  |g RCR 
942 |c BK